000 01063nam a22002297a 4500
005 20260227094802.0
008 220303b ||||| |||| 00| 0 eng d
020 _a9788122507041
040 _cAloy
041 _aeng
082 _223
_a338.9
_bGUPE
100 _aS K Gupta and others
_9256990
245 _aEconomic Development and Policy in India
250 _a4th ed.
260 _aNew Delhi
_bKitab Mahal
_c2018
300 _aviii,384 p.
_bPB
_c22x15 cm.
365 _2Economics
_aMLSH21CRB333
_b280.00
_c
_d350.00
_e20%
_f20-02-2022
520 _aThe Present book has been designed, to suit the syllabus requirements for students of BCom Course and BA under annual mode of examination. This book is the outcome of more than three decades of teaching Indian Economics to the undergraduate students at the University of Delhi. It has been our earnest endeavour to see that each and every topic included in the syllabus is discussed and analysed systematically.
700 _aChaturvedi, D D
_922516
700 _aSachdeva, Atul
_922519
942 _cBK
_2ddc
999 _c221683
_d221683